<?xml version="1.0" encoding="UTF-8"?>
<record
    xmlns:xsi="http://www.w3.org/2001/XMLSchema-instance"
    xsi:schemaLocation="http://www.loc.gov/MARC21/slim http://www.loc.gov/standards/marcxml/schema/MARC21slim.xsd"
    xmlns="http://www.loc.gov/MARC21/slim">

  <leader>00673nam a22002417a 4500</leader>
  <controlfield tag="001"> 86969 </controlfield>
  <controlfield tag="003">UA-OsUOA</controlfield>
  <controlfield tag="005">20240321135801.0</controlfield>
  <controlfield tag="007">ta</controlfield>
  <controlfield tag="008">20120913b un ||||| |||| 00| 0 ukr d</controlfield>
  <datafield tag="040" ind1=" " ind2=" ">
    <subfield code="a">UA-OsUOA</subfield>
    <subfield code="b">ukr</subfield>
    <subfield code="c">UA-OsUOA</subfield>
    <subfield code="d">UA-OsUOA</subfield>
  </datafield>
  <datafield tag="041" ind1=" " ind2=" ">
    <subfield code="a">ukr</subfield>
  </datafield>
  <datafield tag="080" ind1=" " ind2=" ">
    <subfield code="a">82-94(477)</subfield>
  </datafield>
  <datafield tag="090" ind1=" " ind2=" ">
    <subfield code="a">82-94(477)</subfield>
    <subfield code="b">&#x425; - 27</subfield>
  </datafield>
  <datafield tag="100" ind1=" " ind2=" ">
    <subfield code="a">&#x425;&#x430;&#x445;&#x443;&#x43B;&#x44F; &#x41E;.</subfield>
    <subfield code="9">2209</subfield>
  </datafield>
  <datafield tag="245" ind1=" " ind2=" ">
    <subfield code="a">&#x411;. &#x410;&#x43D;&#x442;&#x43E;&#x43D;&#x435;&#x43D;&#x43A;&#x43E;-&#x414;&#x430;&#x432;&#x438;&#x434;&#x43E;&#x432;&#x438;&#x447; &#x443; &#x43F;&#x430;&#x437;&#x443;&#x440;&#x44F;&#x445; &#x447;&#x435;&#x43A;&#x456;&#x441;&#x442;&#x456;&#x432;</subfield>
    <subfield code="b">&#x421;&#x43F;&#x43E;&#x433;&#x430;&#x434;&#x438;</subfield>
  </datafield>
  <datafield tag="260" ind1=" " ind2=" ">
    <subfield code="b">"&#x41B;&#x430;&#x441;&#x442;&#x456;&#x432;&#x43A;&#x430;"</subfield>
    <subfield code="c">1987</subfield>
  </datafield>
  <datafield tag="300" ind1=" " ind2=" ">
    <subfield code="a">215 &#x441;.</subfield>
  </datafield>
  <datafield tag="650" ind1=" " ind2="7">
    <subfield code="2">UDC</subfield>
  </datafield>
  <datafield tag="942" ind1=" " ind2=" ">
    <subfield code="c">BK</subfield>
    <subfield code="2">udc</subfield>
  </datafield>
  <datafield tag="955" ind1=" " ind2=" ">
    <subfield code="a">3</subfield>
  </datafield>
  <datafield tag="999" ind1=" " ind2=" ">
    <subfield code="c">373179</subfield>
    <subfield code="d">373179</subfield>
  </datafield>
  <datafield tag="952" ind1=" " ind2=" ">
    <subfield code="0">0</subfield>
    <subfield code="1">0</subfield>
    <subfield code="2">udc</subfield>
    <subfield code="4">0</subfield>
    <subfield code="7">0</subfield>
    <subfield code="a">101</subfield>
    <subfield code="b">102</subfield>
    <subfield code="d">2012-09-13</subfield>
    <subfield code="i">58374</subfield>
    <subfield code="l">1</subfield>
    <subfield code="o">82-94(477) &#x425; - 27</subfield>
    <subfield code="p">58374</subfield>
    <subfield code="r">2024-03-22 12:24:29</subfield>
    <subfield code="s">2024-03-21</subfield>
    <subfield code="w">2012-09-13</subfield>
    <subfield code="y">BK</subfield>
  </datafield>
</record>
